Statistics for Countries Closest to Hawaii

Click here to take the quiz!

General Stats

  • This quiz has been taken 4,178 times
  • The average score is 12 of 20

Answer Stats

kmcountrymiles% Correct
5483Japan3407
90%
4010Mexico2492
83%
4090Canada2541
76%
4720Fiji2933
73%
6384China3967
71%
1886Kiribati1172
70%
3407Marshall Islands2117
70%
4825Russia2998
69%
4746Micronesia2949
69%
4040Samoa2510
69%
3985Tuvalu2476
67%
4933Tonga3065
65%
4342Nauru2698
64%
5423Solomon Islands3370
64%
5401Vanuatu3356
63%
5855Papua New Guinea3638
53%
6633Guatemala4121
46%
6711North Korea4170
41%
4487Cook Islands2788
19%
4490Niue2790
15%

Score Distribution

Percentile by Number Answered

Percent of People with Each Score

Your Score History

You have not taken this quiz